[Event "Budapest FS07 IM"]
[Site "Budapest"]
[Date "2013.07.12"]
[Round "7"]
[White "Szabolcsi, Janos"]
[Black "Bird, Andrew"]
[Result "1-0"]
[WhiteElo "2350"]
[BlackElo "2231"]
[PlyCount "143"]
[EventDate "2013.07.06"]
[EventType "tourn"]
[EventRounds "11"]
[EventCountry "HUN"]
[EventCategory "2"]
[SourceTitle "CBM 155 Extra"]
[Source "ChessBase"]
[SourceDate "2013.08.26"]
[SourceVersion "1"]
[SourceVersionDate "2013.08.26"]
[SourceQuality "1"]

1. e4 e5 2. Nf3 Nc6 3. c3 d5 4. Qa4 f6 5. Bb5 Nge7 6. d3 a6 7. exd5 Bf5 8. Bxc6+ bxc6 9. d4 e4 10. Nfd2 Bd7 11. d6 cxd6 12. Nxe4 Ng6 13. 0-0 Be7 14. c4 0-0 15. Qd1 f5 16. Nec3 f4 17. f3 Rf5 18. Nd2 d5 19. cxd5 cxd5 20. Nb3 Rh5 21. Bd2 Bd6 22. Be1 Qg5 23. Rc1 Qh6 24. Nc5 Bf5 25. Qb3 Bc8 26. Nxd5 Kh8 27. Nb6 Rb8 28. Nxc8 Rxb3 29. Nxd6 Kg8 30. Nxb3 Nf8 31. Bb4 Rxh2 32. Nf5 Rh1+ 33. Kf2 Rxf1+ 34. Kxf1 Qe6 35. Rc8 h6 36. Rxf8+ Kh7 37. Bc3 Qc4+ 38. Kf2 g6 39. d5 gxf5 40. d6 Qe6 41. Bd2 Qxd6 42. Rxf5 Qb6+ 43. Kf1 Qg6 44. Nd4 Qb6 45. Bc3 Qd6 46. Ne2 Qe6 47. Ra5 Qd6 48. a3 Qd1+ 49. Kf2 Qd6 50. Ra4 h5 51. Rxf4 Qd3 52. Rh4 Qf5 53. g4 Qc5+ 54. Bd4 Qc2 55. Rxh5+ Kg8 56. Re5 Qd1 57. Bc3 Qh1 58. g5 Qh5 59. f4 Kf8 60. Bb4+ Kg7 61. Ra5 Qh4+ 62. Ke3 Qh3+ 63. Kd2 Qd7+ 64. Kc1 Qd3 65. Re5 Kg8 66. f5 Qc4+ 67. Bc3 Kf8 68. g6 Qh4 69. g7+ Kf7 70. f6 Qh1+ 71. Kc2 Qh7+ 72. Kb3 1-0

[Event "Budapest FS07 IM"]
[Site "Budapest"]
[Date "2013.07.09"]
[Round "4"]
[White "Bird, Andrew"]
[Black "Farago, Sandor"]
[Result "1-0"]
[WhiteElo "2231"]
[BlackElo "2280"]
[PlyCount "189"]
[EventDate "2013.07.06"]
[EventType "tourn"]
[EventRounds "11"]
[EventCountry "HUN"]
[EventCategory "2"]
[SourceTitle "CBM 155 Extra"]
[Source "ChessBase"]
[SourceDate "2013.08.26"]
[SourceVersion "1"]
[SourceVersionDate "2013.08.26"]
[SourceQuality "1"]

1. d4 d5 2. Nf3 Nf6 3. c4 c6 4. e3 a6 5. Bd3 g6 6. 0-0 Bg7 7. Nc3 b5 8. b3 0-0 9. h3 Nbd7 10. Qc2 Bb7 11. Bb2 Rc8 12. c5 Qc7 13. b4 Rce8 14. a4 Nh5 15. axb5 axb5 16. Ne2 e5 17. dxe5 Nxe5 18. Nxe5 Bxe5 19. Bxe5 Rxe5 20. Nd4 Bc8 21. Ra3 Rfe8 22. Nf3 R5e7 23. Rfa1 Ng7 24. Nd4 Ne6 25. Qc3 Nxd4 26. Qxd4 Re5 27. Qf4 Bb7 28. Ra7 Qc8 29. R1a3 R8e7 30. Qf6 Qe6 31. Qf4 Kg7 32. Qd4 Qf6 33. R3a5 R5e6 34. Qxf6+ Kxf6 35. g3 Ke5 36. Ra3 f5 37. Bf1 Kf6 38. Bg2 g5 39. f4 h6 40. Kf2 gxf4 41. gxf4 d4 42. Bf3 dxe3+ 43. Ke2 Kf7 44. Rd3 Bc8 45. Rxe7+ Kxe7 46. Ra3 Bd7 47. Ra8 Be8 48. Ra7+ Bd7 49. Ra8 Be8 50. Ra7+ Bd7 51. Ra1 Be8 52. Rg1 Bf7 53. Ra1 Be8 54. Ra6 Bd7 55. Ra7 Kd8 56. Ra8+ Bc8 57. Bh1 Kc7 58. Ra7+ Bb7 59. Ra3 Bc8 60. Rxe3 Rg6 61. Kf2 Bd7 62. Re7 Kd8 63. Rh7 Ke8 64. Bf3 Kd8 65. Ke3 Re6+ 66. Kd4 Be8 67. Rh8 Ke7 68. Rh7+ Kd8 69. h4 h5 70. Rg7 Bg6 71. Ra7 Be8 72. Ra1 Ke7 73. Rg1 Kd8 74. Rg5 Bg6 75. Kd3 Kc7 76. Bxh5 Bxh5 77. Rxh5 Re4 78. Rxf5 Rxb4 79. Rf7+ Kd8 80. h5 Ke8 81. Rf5 Rb1 82. h6 Rd1+ 83. Kc3 Rd7 84. Rf6 Rc7 85. Rd6 Kf7 86. f5 Kg8 87. Kb4 Kh7 88. Ka5 Rc8 89. Kb6 b4 90. Kb7 Rf8 91. Kxc6 Rxf5 92. Kb6 b3 93. Rd3 Kxh6 94. Rxb3 Kg7 95. c6 1-0

[Event "Budapest FS07 IM"]
[Site "Budapest"]
[Date "2013.07.08"]
[Round "3"]
[White "Jia, Haoxiang"]
[Black "Bird, Andrew"]
[Result "1-0"]
[WhiteElo "2340"]
[BlackElo "2231"]
[PlyCount "93"]
[EventDate "2013.07.06"]
[EventType "tourn"]
[EventRounds "11"]
[EventCountry "HUN"]
[EventCategory "2"]
[SourceTitle "CBM 155 Extra"]
[Source "ChessBase"]
[SourceDate "2013.08.26"]
[SourceVersion "1"]
[SourceVersionDate "2013.08.26"]
[SourceQuality "1"]

1. d4 Nf6 2. Nf3 c5 3. c4 cxd4 4. Nxd4 b6 5. f3 Bb7 6. e4 Nc6 7. Be3 e6 8. Nc3 Bc5 9. a3 0-0 10. b4 Be7 11. Be2 Ne5 12. Nb3 Rc8 13. c5 d6 14. cxd6 Bxd6 15. Rc1 Nc4 16. Bxc4 Rxc4 17. Nb5 Rxc1 18. Qxc1 Bb8 19. N5d4 Qd6 20. Ne2 Qd3 21. Qc3 Qb1+ 22. Nbc1 Rc8 23. Qd4 Qc2 24. 0-0 Ba6 25. Rd1 Bxe2 26. Nxe2 Qxe2 27. Qd8+ Ne8 28. Qxc8 Qxd1+ 29. Kf2 Kf8 30. Qxb8 Qc2+ 31. Kg3 Qa4 32. Bf4 f6 33. Bd6+ Kf7 34. e5 Qd7 35. Kf2 Qc6 36. Qxa7+ Kg6 37. Qe7 Qc8 38. Kg3 h5 39. a4 Kf5 40. b5 g6 41. exf6 h4+ 42. Kh3 Nxf6 43. Qc7 Qxc7 44. Bxc7 Nd5 45. a5 e5 46. axb6 g5 47. g3 1-0

[Event "Sunningdale e2e4 op"]
[Site "Ascot"]
[Date "2013.05.26"]
[Round "4"]
[White "Bird, Andrew"]
[Black "Oussedik, Elias"]
[Result "1-0"]
[WhiteElo "2190"]
[BlackElo "2010"]
[PlyCount "77"]
[EventDate "2013.05.24"]
[EventType "swiss"]
[EventRounds "7"]
[EventCountry "ENG"]
[SourceTitle "CBM 154 Extra"]
[Source "ChessBase"]
[SourceDate "2013.06.25"]
[SourceVersion "2"]
[SourceVersionDate "2013.06.25"]
[SourceQuality "1"]

1. Nf3 Nf6 2. c4 c5 3. Nc3 b6 4. d4 cxd4 5. Nxd4 Bb7 6. f3 d6 7. e4 Nbd7 8. Be2 a6 9. 0-0 e6 10. Be3 Be7 11. a4 Rb8 12. b4 0-0 13. b5 a5 14. Nb3 Rc8 15. Rc1 Qc7 16. Qe1 Qb8 17. Qf2 Bd8 18. Rfd1 Re8 19. g4 g6 20. g5 Nh5 21. f4 Ng7 22. h4 Rf8 23. Qf1 f5 24. e5 Nxe5 25. fxe5 dxe5 26. c5 f4 27. Bf2 bxc5 28. Nxc5 f3 29. Bc4 Rf4 30. Nxe6 Rcxc4 31. Rxd8+ Qxd8 32. Nxd8 Rg4+ 33. Kh2 Bc8 34. Ne4 Rcxe4 35. Rxc8 Nf5 36. Qd3 Rg2+ 37. Kh1 Rxf2 38. Qd5+ Kh8 39. Ne6# 1-0

[Event "BCF-chT1d 1213 (4NCL) Demotion pool"]
[Site "England"]
[Date "2013.05.05"]
[Round "10.164"]
[White "Bird, Andrew"]
[Black "Arakhamia Grant, Ketevan"]
[Result "1-0"]
[WhiteElo "2210"]
[BlackElo "2414"]
[PlyCount "83"]
[EventDate "2012.11.03"]
[EventType "team-tourn"]
[EventRounds "4"]
[EventCountry "ENG"]
[SourceTitle "EXT 2014"]
[Source "ChessBase"]
[SourceDate "2013.11.20"]
[SourceVersion "1"]
[SourceVersionDate "2013.11.20"]
[SourceQuality "1"]
[WhiteTeam "e2e4.org.uk"]
[BlackTeam "Wood Green Hilsmark II"]
[WhiteTeamCountry "ENG"]
[BlackTeamCountry "ENG"]

1. Nf3 c5 2. b3 Nc6 3. Bb2 d5 4. e3 Bg4 5. h3 Bh5 6. Bb5 e6 7. g4 Bg6 8. Ne5 Nge7 9. h4 f6 10. Nxg6 hxg6 11. Qf3 Qb6 12. Bxc6+ Qxc6 13. d3 0-0-0 14. Nd2 e5 15. e4 d4 16. a4 Qe6 17. 0-0-0 Nc6 18. Nc4 Bd6 19. Kb1 Bc7 20. Ba3 b6 21. h5 gxh5 22. gxh5 Rh7 23. Nd2 Rdh8 24. Nf1 Kb8 25. Ng3 Ne7 26. Rdg1 a6 27. Nf5 Nxf5 28. exf5 Qd6 29. Rg6 b5 30. axb5 axb5 31. Rhg1 b4 32. Bc1 Qd7 33. h6 gxh6 34. Rxf6 Bd8 35. Re6 Qa7 36. Qd5 Bc7 37. Reg6 Rd8 38. Rg8 Rh8 39. Rxh8 Rxh8 40. f6 Qb6 41. f7 Rf8 42. Rg8 1-0

[Event "BCF-chT1d 1213 (4NCL) Demotion pool"]
[Site "England"]
[Date "2013.05.04"]
[Round "9.164"]
[White "Mason, Donald"]
[Black "Bird, Andrew"]
[Result "1/2-1/2"]
[WhiteElo "2222"]
[BlackElo "2210"]
[PlyCount "64"]
[EventDate "2012.11.03"]
[EventType "team-tourn"]
[EventRounds "4"]
[EventCountry "ENG"]
[SourceTitle "EXT 2014"]
[Source "ChessBase"]
[SourceDate "2013.11.20"]
[SourceVersion "1"]
[SourceVersionDate "2013.11.20"]
[SourceQuality "1"]
[WhiteTeam "Warwicks Select"]
[BlackTeam "e2e4.org.uk"]
[WhiteTeamCountry "ENG"]
[BlackTeamCountry "ENG"]

1. e4 e5 2. Nf3 Nc6 3. Bb5 Nf6 4. d3 Bc5 5. c3 0-0 6. 0-0 d6 7. Nbd2 a6 8. Bxc6 bxc6 9. d4 exd4 10. cxd4 Bb6 11. Qc2 c5 12. dxc5 Bxc5 13. e5 Nd5 14. Nb3 Bb6 15. Ng5 g6 16. Qc6 Be6 17. Bd2 Ne7 18. Nxe6 fxe6 19. Qc4 d5 20. Qg4 Rf5 21. Rac1 Qf8 22. Nc5 Qf7 23. Nd7 Rxf2 24. Nxb6 Rf8 25. Rfd1 cxb6 26. h3 Rc8 27. Rxc8+ Nxc8 28. Bg5 Rf5 29. Rc1 Qd7 30. Bf6 Ne7 31. Qh4 Rh5 32. Qb4 Nc8 1/2-1/2

[Event "BCF-chT1a 1213 (4NCL)"]
[Site "England"]
[Date "2013.03.23"]
[Round "7.145"]
[White "Spencer, Carl J"]
[Black "Bird, Andrew"]
[Result "0-1"]
[WhiteElo "2205"]
[BlackElo "2210"]
[PlyCount "92"]
[EventDate "2012.11.03"]
[EventType "team-tourn"]
[EventRounds "7"]
[EventCountry "ENG"]
[SourceTitle "EXT 2014"]
[Source "ChessBase"]
[SourceDate "2013.11.20"]
[SourceVersion "1"]
[SourceVersionDate "2013.11.20"]
[SourceQuality "1"]
[WhiteTeam "Cambridge"]
[BlackTeam "e2e4.org.uk"]
[WhiteTeamCountry "ENG"]
[BlackTeamCountry "ENG"]

1. e4 e5 2. Nf3 Nc6 3. d4 exd4 4. Nxd4 Nf6 5. Nxc6 bxc6 6. e5 Qe7 7. Qe2 Nd5 8. c4 Ba6 9. b3 g6 10. f4 d6 11. Bb2 Bg7 12. Qf2 Nf6 13. Be2 dxe5 14. 0-0 Ne4 15. Qe1 f5 16. Nd2 0-0 17. Nxe4 fxe4 18. Qa5 exf4 19. Bxg7 Qxg7 20. Qxa6 f3 21. gxf3 exf3 22. Bxf3 Rxf3 23. Qxc6 Raf8 24. Qe6+ Kh8 25. Qe2 Qd4+ 26. Kh1 Rf2 27. Rxf2 Rxf2 28. Qe8+ Kg7 29. Re1 Kh6 30. Qe6 Qf4 31. Qh3+ Kg5 32. a4 a5 33. Rg1+ Kf6 34. Re1 Qf3+ 35. Qxf3+ Rxf3 36. Rb1 c5 37. Kg2 Rd3 38. Rb2 Ke5 39. Re2+ Kd4 40. Re7 Rxb3 41. Ra7 Kxc4 42. Rxa5 Rb7 43. Ra8 Kd3 44. Rd8+ Kc3 45. Rc8 c4 46. a5 Ra7 0-1

[Event "Buxton e2e4 op-A 03"]
[Site "Buxton"]
[Date "2013.03.17"]
[Round "4"]
[White "Jaunooby, Ali Reza"]
[Black "Bird, Andrew"]
[Result "1-0"]
[WhiteElo "2159"]
[BlackElo "2210"]
[PlyCount "73"]
[EventDate "2013.03.15"]
[EventType "swiss"]
[EventRounds "5"]
[EventCountry "ENG"]
[SourceTitle "EXT 2014"]
[Source "ChessBase"]
[SourceDate "2013.11.20"]
[SourceVersion "1"]
[SourceVersionDate "2013.11.20"]
[SourceQuality "1"]

1. d4 d5 2. c4 c6 3. Nf3 Nf6 4. Qc2 e6 5. Bf4 dxc4 6. Qxc4 b5 7. Qc2 Bb7 8. Nbd2 Nbd7 9. e3 a6 10. a4 Rc8 11. Qb3 Nb6 12. Ne5 Bd6 13. a5 Nbd5 14. Bg5 h6 15. Bh4 g5 16. Bg3 Nh5 17. Nd3 Nxg3 18. hxg3 Nf6 19. Nc5 Qe7 20. Rc1 Bxc5 21. dxc5 Kd7 22. Nc4 Kc7 23. Nd6 Rcd8 24. e4 Nd7 25. Qe3 e5 26. Be2 Nf6 27. Nf5 Qf8 28. f4 exf4 29. gxf4 Bc8 30. Nd6 Ne8 31. 0-0 Nxd6 32. cxd6+ Rxd6 33. e5 Rd8 34. Qb6+ Kd7 35. Qxc6+ Ke7 36. Qf6+ Kd7 37. Rfd1+ 1-0

[Event "Buxton e2e4 op-A 03"]
[Site "Buxton"]
[Date "2013.03.16"]
[Round "2"]
[White "Bird, Andrew"]
[Black "Surtees, Michael"]
[Result "0-1"]
[WhiteElo "2210"]
[BlackElo "2112"]
[PlyCount "88"]
[EventDate "2013.03.15"]
[EventType "swiss"]
[EventRounds "5"]
[EventCountry "ENG"]
[SourceTitle "EXT 2014"]
[Source "ChessBase"]
[SourceDate "2013.11.20"]
[SourceVersion "1"]
[SourceVersionDate "2013.11.20"]
[SourceQuality "1"]

1. Nf3 c6 2. c4 f6 3. d4 e5 4. e4 Bb4+ 5. Bd2 Qe7 6. a3 Bxd2+ 7. Qxd2 d6 8. Nc3 Nh6 9. h3 Nd7 10. Be2 exd4 11. Qxd4 a5 12. 0-0 0-0 13. Rfe1 a4 14. Bd1 Nc5 15. Bc2 Qc7 16. Qd1 Be6 17. Nxa4 Nxa4 18. Bxa4 Bxc4 19. Rc1 Bf7 20. Bb3 Rfe8 21. Nd4 Rad8 22. Rc3 Bxb3 23. Rxb3 Qf7 24. Nf3 f5 25. Rbe3 fxe4 26. Rxe4 Rxe4 27. Rxe4 d5 28. Rh4 Qf6 29. Qd2 Nf7 30. Rf4 Qe7 31. Nd4 Nd6 32. Nf5 Nxf5 33. Rxf5 d4 34. b4 d3 35. Kf1 h6 36. Rf3 Qe4 37. Re3 Qd4 38. Re1 b6 39. Rc1 c5 40. bxc5 bxc5 41. Qa2+ Kh8 42. a4 d2 43. Rd1 Qd3+ 44. Kg1 c4 0-1

[Event "Reykjavik op"]
[Site "Reykjavik"]
[Date "2013.02.26"]
[Round "9"]
[White "Murray, Michael A"]
[Black "Bird, Andrew"]
[Result "0-1"]
[WhiteElo "2017"]
[BlackElo "2223"]
[PlyCount "126"]
[EventDate "2013.02.19"]
[EventType "swiss"]
[EventRounds "10"]
[EventCountry "ISL"]
[SourceTitle "CBM 153 Extra"]
[Source "ChessBase"]
[SourceDate "2013.04.22"]
[SourceVersion "1"]
[SourceVersionDate "2013.04.22"]
[SourceQuality "1"]

1. e4 e5 2. Nf3 Nc6 3. Nc3 Nf6 4. g3 d5 5. exd5 Nd4 6. Bg2 Bg4 7. h3 Bxf3 8. Bxf3 Nxf3+ 9. Qxf3 Bb4 10. 0-0 0-0 11. d3 Bxc3 12. bxc3 Qxd5 13. Qxd5 Nxd5 14. Bd2 Rfe8 15. Rfe1 f6 16. a4 Kf7 17. c4 Ne7 18. Rab1 b6 19. Bc3 Nc6 20. Kg2 Rad8 21. f3 Re6 22. Kf2 Rde8 23. c5 bxc5 24. Rb5 c4 25. dxc4 Rd8 26. Rd5 Red6 27. Red1 Ke6 28. Rxd6+ Rxd6 29. Rb1 Kd7 30. Rb5 Nd4 31. Ra5 Nc6 32. Rb5 Kc8 33. Rd5 Rxd5 34. cxd5 Ne7 35. Bb4 Nxd5 36. Bf8 g6 37. Bg7 Kd7 38. c4 Nb6 39. Bxf6 Nxc4 40. Ke2 Ke6 41. Bd8 c6 42. a5 a6 43. Kd3 Kd5 44. Bc7 Nd6 45. g4 Nb5 46. Bb8 Nd4 47. Ke3 Ne6 48. h4 Nf4 49. Kd2 c5 50. Bc7 h5 51. gxh5 gxh5 52. Bd8 Kd4 53. Bf6 c4 54. Bg5 c3+ 55. Kc2 Nd3 56. Kd1 Kc4 57. Ke2 c2 58. Bd2 c1Q 59. Bxc1 Nxc1+ 60. Ke3 Kd5 61. f4 e4 62. f5 Nd3 63. f6 Ne5 0-1